000 00652nam a22002297a 4500
001 BR9405293
003 BR-BrBNA
005 20230928094110.0
007 ta
008 230509b bl.||||| |||| 00| 0 por d
040 _aBR-BrBNA
_bpor
_cBiblioteca Nacional de Agricultura
041 _a(Por)
072 _aE50
090 _ E50 BR9405293
110 1 _aFundacao Nacional do Bem-Estar do Menor, Rio de Janeiro, RJ (Brasil)
_94997
245 1 _aProjeto rural: a busca de um caminho
260 3 _aRio de Janeiro, RJ (Brasil):
_c1987.
300 _a33 p.
650 _aDesenvolvimento Social
909 _a202309
_bLucia
_c55
_dLucia Elande
942 _cBK
999 _c48849
_d48849